=LDR 00000nam 2200000 4500 =001 INLIS000000000014860 =005 20210113021311 =035 ##$$a 0010-061300000014860 =008 210113################g##########0#ind## =041 ##$$a Ind =082 ##$$a 332.6 =090 ##$$a 332.6, Hus d =100 1#$$a Husnan, Suad =245 1#$$a Dasar-dasar teori protofolio dan analisis sekuritas, Suad Husnan /$c Suad Husnan =260 ##$$a Yogyakarta :$b UPP AMPYKPN,$c 1998 =300 ##$$a xii, 478 hlm : $b ilus ; $c 24 x 15 cm =650 #4$$a Investasi =850 ##$$a NBPNMAT =020 ##$$a 979-8170-30-X =084 ##$$a 332.6 HUS d =250 ##$$a cet.1 =990 ##$$a 30501010 =990 ##$$a 30501011 =990 ##$$a 30501012 =990 ##$$a 30501013 =990 ##$$a 30501013 =990 ##$$a 30501010 =990 ##$$a 30501011 =990 ##$$a 30501012 =990 ##$$a 30501012 =990 ##$$a 30501010 =990 ##$$a 30501011 =990 ##$$a 30501013 =990 ##$$a 30501011 =990 ##$$a 30501010 =990 ##$$a 30501012 =990 ##$$a 30501013 =990 ##$$a 30501010 =990 ##$$a 30501011 =990 ##$$a 30501012 =990 ##$$a 30501013 =990 ##$$a 30501011 =990 ##$$a 30501010 =990 ##$$a 30501012 =990 ##$$a 30501013 =990 ##$$a 12521252 =990 ##$$a 1200300672 =990 ##$$a 30501010 =990 ##$$a 30501011 =990 ##$$a 30501012 =990 ##$$a 30501013